000 00689nam a2200229Ia 4500
003 OSt
005 20220923225548.0
006 a|||||r|||| 00| 0
007 ta
008 Pun
024 _a271,329
037 _cTextual
040 _aARTS
_cARTS
_bPun
041 _2Pun
_aPun
082 _aO152,1H77:g, 153M3
100 _aਸਿੰਗਲ, ਧਰਮ ਪਾਲ
_9156265
245 0 _aਸੰਤ Fਿਰੋਮਣੀ ਰਵਿਦਾਸ
260 _aਜਲੰਧਰ
_b ਦੀਪਕ ਪਬਲਿFਰਗ਼
_c1983
650 _aਹਿੰਦੀ ਸਾਹਿਤ
942 _hO152,1H77:g, 153M3
_cTEXL
_2CC
999 _c379145
_d379145